| 000 | 00670nam a2200229 a 4500 | ||
|---|---|---|---|
| 999 |
_c5314 _d5314 |
||
| 001 | 5314 | ||
| 003 | BD-JhCC | ||
| 005 | 20180325125638.0 | ||
| 008 | 171212s1966 n a|||| ||a| 000 0 eng d | ||
| 035 | _a(BD-JhCC) 5314 | ||
| 040 |
_aBD-JhCC _dBD-JhCC |
||
| 041 | _aeng | ||
| 082 |
_a620.11 _bPLA 1986 |
||
| 100 | _aPlants, Helen Lester | ||
| 245 |
_aProgrammed topics in statics and strength of materials / _c Helen Lester Plants and Russell Rex Haynes |
||
| 260 |
_aNewyork : _bMcgraw-Hill Book Company , _c1966 |
||
| 300 |
_a178 p .: _c23 cm . |
||
| 650 | _aStatics, Strength of Materials | ||
| 700 | _a Haynes, Russell Rex | ||
| 942 |
_2ddc _cBK |
||